Quizzes
Events
Quiz Creation
Community
Videos
Private Events
Remove Ads
Sign In
Join for FREE
Feedback
Dark Mode
Quiz Categories
Sports
Geography
Music
Movies
Television
Just For Fun
Miscellaneous
History
Literature
Language
Science
Gaming
Entertainment
Religion
Holiday
For Kids
Quiz Lab
Recent
Popular Today
Quiz Kudos Today
Editor Picks
Curator Picks
Quizzes by...
Day
Popularity
Type
Ratings
Length
Year
Community
Subscriptions
Recent Discussions
Orange Saloon
Badges
Playlists
Quests
Create
Leaderboards
Showdown
Live 5
Trivia Bingo
Activity
Puzzle Library
Sporcle Events
Private Events
Virtual Trivia
Globe League
Become a Host
Pub Owners
SporcleCon
Opinionation
Our Games
Videos
Blog
Mobile Apps
Partnerships
Remove Ads and Go Orange
Feedback
Gaming
Video Games
Board Games
Card Games
Pokémon
Mario
Nintendo
Minecraft
Console
Toys
Legend of Zelda
Gaming
Video Games
Board Games
Card Games
Pokémon
Mario
Nintendo
Minecraft
Console
Toys
Legend of Zelda
Random Quiz
Search Sporcle
×
Quiz Lab
Quiz Lab
Gaming
Fatality
Type in answers that appear in a list
Type in answers that appear in a list
Classic
Best Score? Go Orange.
Mortal Kombat 9 Fatality Names Stats
Can you name the Mortal Kombat 9 Fatality Names?
By
alvin2011
20m
59 Questions
276 Plays
276 Plays
276 Plays
Comments
Comments
Give Quiz Kudos
Give Quiz Kudos
-
- Ratings
hide this ad
Replay
Link that replays current quiz
Next Quiz
Link to next quiz in quiz playlist
You Got
0%
They Got
Avg Score
29%
Avg Friend Score
Upgrade to see
Score Distribution
Jump to the score distribution portion of the page
Score
0/59
Timer
20:00
0
Plays Today
Character
% Correct
Scorpion
Toasty!
67.8%
Scorpion
Split Decision
45.7%
Johnny Cage
And The Winner Is
44.9%
Liu Kang
The Beast Within
44.2%
Scorpion
Nether Gate
42.4%
Reptile
Acid Yak
42%
Sektor
The Scarecrow
42%
Kung Lao
Hat Trick
41.7%
Liu Kang
Fist of Flame
39.9%
Mileena
Be Mine
39.1%
Noob
Make A Wish
38.8%
Sub-
Zero
Have An Ice Day
37%
Ermac
Pest Control
37%
Reptile
Yummy
35.9%
Cyrax
Nothing But Net
35.5%
Cyber Sub-
Zero
Brain Freeze
34.4%
Ermac
Mind Over Splatter
33.7%
Shang Tsung
Bang Bang!
33.3%
Kitana
Fan Opener
33%
Kratos
Blade of Olympus
32.2%
Sindel
Migraine
32.2%
Baraka
Up The Middle
31.9%
Johnny Cage
Heads Up!
31.5%
Jade
Half Mast
31.5%
Jade
Head-A-Rang
31.2%
Sub-
Zero
Spinal Smash
30.8%
Reptile
Weight Loss
30.8%
Jax
Spinal Smash
30.8%
Quan Chi
Beat Down
30.4%
Smoke
Smoked Out
29.7%
Character
% Correct
Cyber Sub-
Zero
Kold Fusion
29.7%
Sindel
Mouthful
29.3%
Sektor
Robo-Sek
29%
Mileena
Rip Off
27.2%
Kano
Eat Your Heart Out
27.2%
Raiden
Transplant
27.2%
Nightwolf
Ascension
26.8%
Cyrax
Buzz Kill
26.8%
Smoke
Tremor
26.8%
Baraka
Take A Spin
26.8%
Raiden
Just A Scratch
25.7%
Kabal
It Takes Guts
25.4%
Kano
Heartbreak
25%
Nightwolf
Little Off The Top
24.6%
Jax
Smash And Grab
23.9%
Quan Chi
On Your Knees
23.9%
Kabal
Hook Up
23.6%
Sonya
Scissor Split
22.5%
Stryker
Time Served
22.1%
Noob
As One
21.4%
Sonya
Kut-Throat
21.4%
Sheeva
Lend A Hand
19.6%
Sheeva
Stripped Down
17%
Stryker
Have A Blast
16.3%
Sub-
Zero
Spinal Rip
15.9%
Kitana
Splintting Headche
6.9%
Kung Lao
Razor´s Edge
4%
Shang Tsung
Indetity Theft
2.9%
Kratos
Medusa´s Gaze
1.4%
Quiz Playlist
Details
Report
Send in Message
Add To Playlist
Classic:
Type in answers that appear in a list
Last Updated: Feb 16, 2017
Quiz Scoreboard
CHALLENGE
Sign Up to Join the Scoreboard
Show All
Scores
Hide
Comments
May contain spoilers
Recently Published
An Introduction to Baseball
by treessimontrees
Sports
5m
Movies - When Are They Set?
by FPL_Elf
Movies
5m
Popular People in 1961
by mucciniale
History
6m
More to Explore
Quiz From the Vault
Featured Blog Post
Where Did the Easter Bunny Come From?
hide this ad
You Might Also Like...
Tags
Character
Fatality
kombat
mortal
Mortal Kombat
Today's Top Quizzes in Gaming
Browse Gaming
hide this ad
Top Contributed Quizzes in Gaming
1
Destiny 2 exotic weapons by perk icons
2
Ultimate Genshin Impact Logic Puzzle (up to 4.3)
3
5-to-1: Consoles
4
Genshin Impact Logic Puzzle Quiz
5
Franchise by Action Figure
6
Who's on the WWE 2K24 Cover?
7
Windmill: Pokémon
8
Legendary or Exotic?
9
Overwatch 2: Ultimate Ability Icons
10
5-to-1: Legend of Zelda
Explore More
Trending Topics
NBA
Crossword
Marvel
Anime
Kpop
Disney
Harry Potter
Song
Soccer
WWE
Pokémon
NFL
The Office
Country
Puzzle
hide this ad
More By:
alvin2011
Quiz
Plays
Rating
Category
Featured
Created
Power Rangers by Color
3,654
2.83
Television
Sep 15, 2011
Power Rangers by Season
1,066
3.67
Television
Mar 1, 2011
power rangers villians
439
1.50
Television
May 3, 2011
Super Street Fighter Characters Rivals
353
1.00
Gaming
Feb 13, 2011
Super Street Fighter 4 Characters
311
3.00
Gaming
Oct 1, 2011
Go to Creator's Profile
Score Distribution
Quiz Creator Spotlight
alvin2011
Follow
Send a Message
Quizzes Created
-
Created Quiz Play Count
-
More By This Creator
Popular Quizzes Today
1
Find the Countries of Europe - No Outlines Minefield
2
Find the US States - No Outlines Minefield
3
The Countries of the World
4
Popular People in 1961
5
US States
6
1-10 Letter E Words III
7
Find the US States
8
Risky Map Clicking: Biggest States A-Z
More Gaming Quizzes
10 to 1 - Video Game Character Species
Quiz Lab
Trending Quizzes
Risky Map Clicking: Least Populous States A-Z
1-10 Letter F Words
1-10 Letter G Words
One Thing in Common: United Kingdom
Risky Map Clicking: Next State Alphabetically
Recently Updated
Leaping Animals
pecheneg
Reality TV Shows (A-Z)
bhenderson79
Rickey Henderson's Hall of Fame Teammates
pecheneg
Champions League XIs: Arsenal
pecheneg
Quick Pick: Celebrities in WWE's Hall of Fame
aduchscher
A-Z Keypad Blitz II
pecheneg
Multiple Oscar Actors
pecheneg
Mystery Phrase Blitz: Oscar 'Best Actors'
pecheneg
F. Scott Fitzgerald Novels
LTH
Pick 3 Villains
ddd62291
Trending Topics
NBA
Kpop
Disney
Anime
Harry Potter
Crossword
Marvel
Soccer
The Office
NFL
Song
WWE
Pokémon
Puzzle
Country
Your Account Isn't Verified!
In order to create a playlist on Sporcle, you need to verify the email address you used during registration. Go to your
Sporcle Settings
to finish the process.
Report this User
Report this user for behavior that violates our
Community Guidelines
.
Details:
Send Report
Go to the Sporcle.com Mobile Site →
Comments